| 000 | 02493nam a22002657a 4500 | ||
|---|---|---|---|
| 001 | 8579 | ||
| 003 | FISKH | ||
| 005 | 20251002163748.0 | ||
| 008 | 251001b cb ||||| |||| 00| 0 eng d | ||
| 020 | _a9789996346255 | ||
| 040 |
_aFISKH _bkhr _cFISKH _dFISKH |
||
| 050 | _aPZ7 | ||
| 100 | _aFines, Soeun | ||
| 245 |
_aសុំទោស ខ្ញុំឆ្លាតតែអ៊ីចឹង ! : _bI am so clever ! / _cនិពន្ធដោយ លោក ស៊ឺន ហ្វីណេស្វ , កែសម្រួលដោយ អ្នកស្រី គឹមស៊ុន សុធារី |
||
| 260 |
_aPhnom Penh : _bReading Books , _c2015. |
||
| 300 |
_a20 pages : _bcolor illustrations ; _c20 cm . |
||
| 505 | _aM | ||
| 520 | _aឡុវជាក្មេងប្រុសម្នាក់ដែលឆោតល្ងង់ ប៉ុន្តែគេគិតថាខ្លួនឯងឆ្លាតជានិច្ច។ អ្វីៗដែលគេគិតថាត្រឹមត្រូវសម្រាប់ខ្លួន គេក៏ធ្វើវា ហើយគិតថាខ្លួនឯងឆ្លាតជាងមនុស្សផ្សេងទៀត ទោះបីជាឪពុកម្តាយរបស់គេ ឬអ្នកភូមិគិតថាវាជារឿងខុសក៏ដោយ។ គេបានប្រព្រឹត្តិអំពើមិនសមរម្យចំពោះឪពុកម្តាយ និងអ្នកភូមិ។ ពេលឪពុកម្តាយរបស់គេឃើអដូចនេះក៏ព្យាយាមផ្តល់ដំបូន្មានដល់គេ ដើម្បីឱ្យគេក្លាយជាក្មេងប្រុសល្អ និងមានគុណតម្លៃក្នុងសង្គម។ | ||
| 520 | _aLov was a foolish boy , but he always thought that he was clever all the time. What he thought it was right for him, he did it and thought that he was cleverer than other people, even if his parents or other villiagers thought it was wrong. He treated inappropriately to his parents and other villagers. Learning Lov's personality , his parents tried to give him good advice in order for him to become a nice and dignified by in society . | ||
| 521 | 8 |
_a530
_bLexile estimate |
|
| 521 | 8 |
_aM
_bRaz-Plus |
|
| 700 |
_aBunthorn, Theak _eIllustrator |
||
| 942 |
_2ddc _cKHB _n0 |
||
| 999 |
_c8579 _d8579 |
||